<?xml version="1.0" encoding="UTF-8"?>
<record
    xmlns:xsi="http://www.w3.org/2001/XMLSchema-instance"
    xsi:schemaLocation="http://www.loc.gov/MARC21/slim http://www.loc.gov/standards/marcxml/schema/MARC21slim.xsd"
    xmlns="http://www.loc.gov/MARC21/slim">

  <leader>00589cam a2200193 a 4500</leader>
  <controlfield tag="001">sa 67007252 </controlfield>
  <controlfield tag="003">DLC</controlfield>
  <controlfield tag="005">20260227112414.0</controlfield>
  <controlfield tag="008">970908s1964    ii            000 0 hin  </controlfield>
  <datafield tag="010" ind1=" " ind2=" ">
    <subfield code="a">sa 67007252 </subfield>
  </datafield>
  <datafield tag="040" ind1=" " ind2=" ">
    <subfield code="a">DLC</subfield>
    <subfield code="c">DLC</subfield>
    <subfield code="d">DLC</subfield>
  </datafield>
  <datafield tag="050" ind1="0" ind2="0">
    <subfield code="a">PK2098.P319</subfield>
    <subfield code="b">R3</subfield>
  </datafield>
  <datafield tag="100" ind1="1" ind2="0">
    <subfield code="a">Pant, Govind Ballabh,</subfield>
    <subfield code="d">1887-1961.</subfield>
  </datafield>
  <datafield tag="245" ind1="1" ind2="0">
    <subfield code="a">R&#x101;jamuku&#x1E6D;a :</subfield>
    <subfield code="b">etih&#x101;sika n&#x101;&#x1E6D;aka /</subfield>
    <subfield code="c">lekhaka Govindavallabha Panta.</subfield>
  </datafield>
  <datafield tag="260" ind1=" " ind2=" ">
    <subfield code="a">Lakhanau :</subfield>
    <subfield code="b">Ga&#x1E45;ga Pustakam&#x101;l&#x101; K&#x101;ry&#x101;laya,</subfield>
    <subfield code="c">1964.</subfield>
  </datafield>
  <datafield tag="300" ind1=" " ind2=" ">
    <subfield code="a">118 p. ;</subfield>
    <subfield code="c">19 cm.</subfield>
  </datafield>
  <datafield tag="440" ind1=" " ind2="0">
    <subfield code="a">Ga&#x1E45;g&#x101;-pustakam&#x101;l&#x101; ;</subfield>
    <subfield code="v">pushpa 146</subfield>
  </datafield>
  <datafield tag="546" ind1=" " ind2=" ">
    <subfield code="a">In Hindi.</subfield>
  </datafield>
  <datafield tag="999" ind1=" " ind2=" ">
    <subfield code="c">76468</subfield>
    <subfield code="d">76468</subfield>
  </datafield>
</record>
